| 000 | 00000nam##2200000za#4500 |
| 001 | 9.640173 |
| 003 | CaOODSP |
| 005 | 20210624222537 |
| 007 | cr ||||||||||| |
| 008 | 150407|2008||||xxc|||||o f|0| 0 fre|d |
| 040 | |aCaOODSP|bfre |
| 043 | |an-cn--- |
| 086 | 1 |aET3-7/2008F-PDF |
| 110 | 1 |aCanada. |bCommissariat aux conflits d'intérêts et à l'éthique. |
| 245 | 10|aRéponse à la motion adoptée par la Chambre des communes le 5 juin 2008 pour nouvel examen du rapport d'enquête Thibault / |h[ressource électronique]|cMary Dawson, Commissaire aux conflits d'intérêts et à l'éthique. |
| 260 | |aOttawa - Ontario : |bCommissariat aux conflits d'intérêts et à l'éthique |cJuin 2008. |
| 300 | |a8p. |
| 500 | |a«Conformément au Code régissant les conflits d'intérêts des députés». |
| 590 | |a12-13-Supp|b2012-04-03 |
| 775 | 08|tResponse to the motion adopted by the House of Commons on June 5, 2008 for further consideration of the Thibault inquiry report / |w(CaOODSP)9.696056 |
| 856 | 40|ahttp://publications.gc.ca|qPDF|s26 Ko|uhttps://publications.gc.ca/collections/collection_2012/ccie-ciec/ET3-7-2008-fra.pdf |
| 986 | |a062008-04F |